书目信息 |
| 题名: |
AAA英语
|
|
| 作者: | 吴君亮 主编 ;李梦桃 编著 | |
| 分册: | Ⅱ | |
| 出版信息: | 长春 吉林科学技术出版社 1993 |
|
| 页数: | 305页 | |
| 开本: | 19cm | |
| 丛书名: | ||
| 单 册: | ||
| 中图分类: | H319.9 , H31 | |
| 科图分类: | ||
| 主题词: | 英语--口语--教材 , 英语 , 口语--英语--教材 | |
| 电子资源: | ||
| ISBN: | 7-5384-1094-5 | |
| 000 | 00788nam0 2200253 45 | |
| 001 | TLS9402696 | |
| 005 | 20070726140309.92 | |
| 010 | @a7-5384-1094-5@dCNY40.00 | |
| 100 | @a19940602d1993 em y0chiy0120 ea | |
| 101 | 0 | @achi@aeng |
| 102 | @aCN@b220000@aHK | |
| 105 | @aa z 000yy | |
| 200 | 1 | @aAAA英语@AAAAYing Yu@dAAA English@hⅡ@h下@f(美)君亮·W主编@F(Mei )Jun Liang ·WZhu Bian@g李梦桃等编著 |
| 210 | @a长春@c吉林科学技术出版社@a香港@c香港书环出版社@d1993 | |
| 215 | @a305页@c图@d19cm | |
| 606 | @a英语--口语@x教材 | |
| 606 | 0 | @a英语 |
| 606 | @a口语--英语@x教材 | |
| 690 | @aH319.9@v3 | |
| 690 | @aH31@v3 | |
| 701 | 0 | @a吴君亮@AWu Jun Liang@g(Wu, Junliang)@4主编 |
| 702 | 0 | @a李梦桃@ALi Meng Tao@4编著 |
| 801 | 0 | @aCN@bPUL@c20070726 |
| 905 | @dH31@e375:2(2)@f1@b259168 | |
| AAA英语=AAA English.Ⅱ.下/(美)君亮·W主编/李梦桃等编著.-长春:吉林科学技术出版社;香港:香港书环出版社,1993 |
| 305页:图;19cm |
| ISBN 7-5384-1094-5:CNY40.00 |
| ● |
| 相关链接 |
|
|
|
|
正题名:AAA英语
索取号:H31/375:2(2)
 
预约/预借
| 序号 | 登录号 | 条形码 | 馆藏地/架位号 | 状态 | 备注 |
| 1 | 0259168 | 000942190 | 第四借阅区/ [索取号:H31/375:2(2)] | 在馆 | |
| 2 | 0259170 | 202072498 | 第二样本阅览室/ [索取号:H31/375:2(2)] | 在馆 | |
| 3 | 0784837 | 207848374 | 第四借阅区/ [索取号:H31/375:2(2)] | 在馆 |